000 00216nam a22000857a 4500
999 _c11413
_d11413
008 190416b ||||| |||| 00| 0 eng d
100 _aDanko Dan
_97145
245 _aLeonardo Da Vinci
260 _aNew Delhi
_bCampfire
_c2016